| 000 | 00493nam a2200145 i 4500 | ||
|---|---|---|---|
| 001 | 190164 | ||
| 003 | ES-MaACL | ||
| 005 | 20250826151544.0 | ||
| 008 | 200904s1891 sp |||| | spa d | ||
| 245 | 0 | 0 |
_aComisión Permanente del III Centenario de D. Alvaro de Bazán _b: cuentas. |
| 260 |
_aMadrid : _b[s.n.], _c1891. |
||
| 600 | 1 | 7 |
_aBazán, Álvaro de, Marqués de Santa Cruz, _d1526-1588- _vAniversarios y centenarios _2 _9170258 |
| 852 |
_aES-MaACL _jT-517-F-5 |
||
| 999 |
_c190164 _d190164 |
||